[Event "Rated Blitz game"]
[Site "?"]
[Date "2021.05.31"]
[Round "?"]
[White "PhantomKinder"]
[Black "annaly1979"]
[Result "1-0"]
[WhiteElo "2444"]
[BlackElo "2409"]
[PlyCount "111"]
[EventDate "2021.??.??"]
[EventType "blitz"]

1. e4 e5 2. Nf3 d5 3. exd5 e4 4. Qe2 f5 5. d3 Nf6 6. Nbd2 Be7 7. dxe4 fxe4 8.
Nxe4 Nxe4 9. Qxe4 O-O 10. Bd3 Bf5 11. Qc4 Bxd3 12. Qxd3 Bd6 13. Be3 Nd7 14.
O-O-O b5 15. Kb1 a5 16. h4 a4 17. h5 h6 18. Nd4 Nc5 19. Qxb5 Rb8 20. Qc4 Qf6
21. b3 Ne4 22. f3 Rb4 23. Qd3 axb3 24. axb3 Nc5 25. Qd2 Rfb8 26. g4 Na4 27. Kc1
Kh8 28. g5 hxg5 29. h6 g6 30. Bxg5 Qf7 31. Nc6 Rxb3 32. Qd4+ Kh7 33. Qg7+ Qxg7
34. hxg7+ Kxg7 35. cxb3 Rxb3 36. Rd4 Ra3 37. Rdh4 Ra1+ 38. Kc2 Rxh1 39. Rxh1
Nc5 40. Be3 Nd7 41. Bd4+ Kg8 42. Nd8 Be5 43. Bxe5 Nxe5 44. Ne6 Nxf3 45. Nxc7
Kg7 46. Kd3 g5 47. Ke4 g4 48. Kf4 Nd2 49. Kxg4 Kf6 50. Re1 Nc4 51. Nb5 Nb6 52.
d6 Kf7 53. Kf5 Nd7 54. Nc3 Nc5 55. Nd5 Kf8 56. Re7 {Time forfeit} 1-0

[Event "Rated Blitz game"]
[Site "?"]
[Date "2021.05.31"]
[Round "?"]
[White "IsaacSpence"]
[Black "KamranShirazi"]
[Result "0-1"]
[WhiteElo "2532"]
[BlackElo "2492"]
[PlyCount "50"]
[EventDate "2021.??.??"]
[EventType "blitz"]

1. e4 e5 2. Nf3 d5 3. exd5 e4 4. Qe2 Nf6 5. d3 Bb4+ 6. c3 O-O 7. cxb4 exf3 8.
Qxf3 Re8+ 9. Be3 Nxd5 10. Nc3 Nxb4 11. O-O-O Be6 12. a3 Na2+ 13. Nxa2 Bxa2 14.
Qxb7 Nd7 15. Be2 Rb8 16. Qxa7 Bb3 17. Rd2 Nb6 18. Kb1 Na4 19. Rc1 c5 20. Bd1
Bxd1 21. Rdxd1 Nxb2 22. Ka1 Nxd1 23. Rxd1 Qd5 24. Qxc5 Qb3 25. Qc1 Rec8 {Normal
} 0-1

[Event "Rated Blitz game"]
[Site "?"]
[Date "2021.05.31"]
[Round "?"]
[White "Zlaja2020"]
[Black "liaqat321"]
[Result "1/2-1/2"]
[WhiteElo "2413"]
[BlackElo "2363"]
[PlyCount "77"]
[EventDate "2021.??.??"]
[EventType "blitz"]

1. e4 e5 2. Nf3 d5 3. d3 dxe4 4. dxe4 Qxd1+ 5. Kxd1 Nc6 6. c3 Bg4 7. Be2 O-O-O+
8. Ke1 f5 9. exf5 Bxf5 10. Be3 e4 11. Nd4 Bg6 12. Nd2 Ne5 13. f4 exf3 14. N2xf3
Bd6 15. Nxe5 Bxe5 16. Nf3 Bd6 17. Kf2 Nf6 18. Bd4 Ne4+ 19. Kf1 Rhf8 20. Bxg7
Rf7 21. Bd4 c5 22. Be3 Re8 23. Bf2 Nxf2 24. Kxf2 Bf4 25. Rad1 Be3+ 26. Kf1 Bc2
27. Ra1 Rfe7 28. Bb5 Rf8 29. Re1 a6 30. Be2 Bd2 31. Ra1 Be3 32. Re1 b5 33. h4
c4 34. h5 h6 35. Rh4 Bd2 36. Ra1 Be3 37. Re1 Bd2 38. Ra1 Be3 39. Re1 {Normal}
1/2-1/2

[Event "Rated Blitz tournament WoKT0myl"]
[Site "?"]
[Date "2021.05.31"]
[Round "?"]
[White "lucumpe04"]
[Black "CristianS27"]
[Result "0-1"]
[WhiteElo "2404"]
[BlackElo "2467"]
[PlyCount "64"]
[EventDate "2021.??.??"]
[EventType "blitz"]

1. e4 e5 2. Nf3 d5 3. exd5 e4 4. Ne5 Qxd5 5. d4 exd3 6. Nxd3 Nf6 7. Nc3 Qd8 8.
Be2 Be7 9. O-O O-O 10. Bf3 Nc6 11. Be3 Nd4 12. Bxd4 Qxd4 13. Qe2 Re8 14. Rad1
c6 15. Qd2 Bf5 16. Nf4 Qxd2 17. Rxd2 Rad8 18. Rfd1 Rxd2 19. Rxd2 Rd8 20. Rxd8+
Bxd8 21. Nfe2 Bxc2 22. Nd4 Bg6 23. b4 Bb6 24. Nb3 Kf8 25. b5 cxb5 26. Bxb7 b4
27. Na4 Bc7 28. Nd4 Bb1 29. Nb5 Be5 30. a3 Bd3 31. axb4 Bxb5 32. Nc5 Bd6 {
Normal} 0-1

[Event "Rated Blitz game"]
[Site "?"]
[Date "2021.05.31"]
[Round "?"]
[White "Nova4430"]
[Black "Michael_Watts"]
[Result "1-0"]
[WhiteElo "2439"]
[BlackElo "2369"]
[PlyCount "97"]
[EventDate "2021.??.??"]
[EventType "blitz"]

1. e4 e5 2. Nf3 d5 3. exd5 e4 4. Qe2 Nf6 5. d3 Qxd5 6. Nc3 Bb4 7. Bd2 Bxc3 8.
Bxc3 O-O 9. dxe4 Nxe4 10. Bd4 Nc6 11. Qc4 Qf5 12. O-O-O Be6 13. Qb5 Qxb5 14.
Bxb5 Nxd4 15. Nxd4 Nxf2 16. Nxe6 fxe6 17. Bc4 Nxh1 18. Bxe6+ Kh8 19. Rxh1 Rae8
20. Bd5 c6 21. Bf3 Re3 22. Rd1 h6 23. Rd7 Rb8 24. Kd2 Ree8 25. Kc3 Red8 26. Rf7
Rf8 27. Rd7 Rfc8 28. Kc4 b6 29. Rxa7 Re8 30. Rc7 c5 31. a4 Rf8 32. c3 Rfd8 33.
Kb5 Rd2 34. b4 Rc2 35. bxc5 Rxc3 36. c6 Rc5+ 37. Kb4 Re5 38. Rb7 Rd8 39. c7
Rd4+ 40. Kc3 Rxa4 41. c8=Q+ Kh7 42. Rxb6 Re3+ 43. Kd2 Re5 44. Qc2+ Kg8 45. Rb8+
Kf7 46. Qxa4 Kf6 47. Qf4+ Rf5 48. Rf8+ Kg6 49. Qxf5# {Normal} 1-0

[Event "Rated Blitz tournament obQMUQd2"]
[Site "?"]
[Date "2021.05.31"]
[Round "?"]
[White "Zainal_chess"]
[Black "dr_xStranger"]
[Result "0-1"]
[WhiteElo "2305"]
[BlackElo "2486"]
[PlyCount "44"]
[EventDate "2021.??.??"]
[EventType "blitz"]

1. e4 e5 2. Nf3 d5 3. exd5 e4 4. Qe2 Nf6 5. d3 Bb4+ 6. c3 O-O 7. dxe4 Bc5 8.
Nbd2 Re8 9. Qc4 Bb6 10. Be2 c6 11. dxc6 Nxc6 12. O-O Bg4 13. h3 Bh5 14. Rd1 Rc8
15. Qa4 Qe7 16. e5 Nxe5 17. Nxe5 Bxe2 18. Re1 Qxe5 19. Nf3 Qg3 20. Bf4 Qxf2+
21. Kh1 Bxf3 22. Rxe8+ Rxe8 {Normal} 0-1

[Event "Rated Blitz game"]
[Site "?"]
[Date "2021.05.31"]
[Round "?"]
[White "Machinegunusa"]
[Black "annaly1979"]
[Result "0-1"]
[WhiteElo "2565"]
[BlackElo "2397"]
[PlyCount "70"]
[EventDate "2021.??.??"]
[EventType "blitz"]

1. e4 e5 2. Nf3 d5 3. exd5 e4 4. Ne5 f5 5. d4 Nf6 6. c4 b6 7. f4 Bd6 8. Nc3 O-O
9. Be2 Qe8 10. Be3 Nbd7 11. Qd2 a5 12. O-O-O a4 13. h3 Bb4 14. a3 Ba5 15. Qc2
Bxc3 16. Qxc3 Nh5 17. Bxh5 Qxh5 18. g4 Qh4 19. Rdg1 Nf6 20. gxf5 Bxf5 21. Rg5
Nh5 22. Nc6 Rae8 23. d6 Nxf4 24. Rxg7+ Kxg7 25. d5+ Kf7 26. Kb1 cxd6 27. Qb4
Qg3 28. Qxb6 Ng2 29. Qc7+ Kg8 30. Bd4 Rf7 31. Qb6 e3+ 32. Ka1 e2 33. Bc3 e1=Q+
34. Bxe1 Rxe1+ 35. Rxe1 Qxe1+ {Normal} 0-1

[Event "Rated Rapid game"]
[Site "?"]
[Date "2021.05.31"]
[Round "?"]
[White "kipli_mjlk"]
[Black "KoT_Invincible"]
[Result "0-1"]
[WhiteElo "2417"]
[BlackElo "2523"]
[PlyCount "30"]
[EventDate "2021.??.??"]
[EventType "rapid"]

1. e4 e5 2. Nf3 d5 3. Nxe5 Bd6 4. d4 dxe4 5. Bf4 Nf6 6. Bc4 O-O 7. Nd2 Nc6 8.
c3 Bf5 9. g4 Nxg4 10. Nxg4 Bxf4 11. Ne3 Bxe3 12. fxe3 Qh4+ 13. Kf1 Bh3+ 14. Kg1
Qg5+ 15. Kf2 Qg2+ {Normal} 0-1

[Event "Rated Blitz game"]
[Site "?"]
[Date "2021.05.31"]
[Round "?"]
[White "Bierpower"]
[Black "annaly1979"]
[Result "1-0"]
[WhiteElo "2435"]
[BlackElo "2426"]
[PlyCount "51"]
[EventDate "2021.??.??"]
[EventType "blitz"]

1. e4 e5 2. Nf3 d5 3. exd5 e4 4. Nd4 c5 5. Nb3 f5 6. d3 Nf6 7. dxe4 fxe4 8. Nc3
Bf5 9. Be2 Bd6 10. Be3 O-O 11. Bxc5 Na6 12. Bxd6 Qxd6 13. O-O Rac8 14. f3 Bg6
15. fxe4 Nxe4 16. Nxe4 Bxe4 17. Bf3 Bxc2 18. Qd4 Bg6 19. Rae1 Nb4 20. Re6 Nc2
21. Rxd6 Nxd4 22. Nxd4 a6 23. Rd7 Rfd8 24. Rxb7 Bf7 25. Ne6 Rd6 26. h3 {Normal}
1-0

[Event "Rated Blitz game"]
[Site "?"]
[Date "2021.05.31"]
[Round "?"]
[White "PushingPawnsNYC"]
[Black "khalid_ontawar"]
[Result "1-0"]
[WhiteElo "2395"]
[BlackElo "2414"]
[PlyCount "63"]
[EventDate "2021.??.??"]
[EventType "blitz"]

1. e4 e5 2. Nf3 d5 3. exd5 e4 4. Qe2 Nf6 5. d3 Bf5 6. dxe4 Bxe4 7. Nc3 Qe7 8.
Nxe4 Nxe4 9. Bd2 Nd7 10. O-O-O O-O-O 11. Be3 Kb8 12. Qb5 Nb6 13. c4 f5 14. Bd3
h6 15. Rhe1 g5 16. Nd4 Bg7 17. Nxf5 Qe5 18. Nxg7 Nd6 19. Qb3 Qxg7 20. c5 Nxd5
21. Qxd5 Nc8 22. Qb3 Rhe8 23. Ba6 b6 24. cxb6 Nxb6 25. Qb5 Qf6 26. Bd4 Qg6 27.
Rxe8 Rxe8 28. Bxb6 axb6 29. Qd5 c6 30. Qd7 Re7 31. Qxe7 Qe4 32. Qb7# {Normal}
1-0

[Event "Rated Blitz tournament WoKT0myl"]
[Site "?"]
[Date "2021.05.31"]
[Round "?"]
[White "wfb_ajedrez"]
[Black "CristianS27"]
[Result "1/2-1/2"]
[WhiteElo "2231"]
[BlackElo "2461"]
[PlyCount "32"]
[EventDate "2021.??.??"]
[EventType "blitz"]

1. e4 e5 2. Nf3 d5 3. Nc3 dxe4 4. Nxe4 Nf6 5. Nxf6+ Qxf6 6. d4 exd4 7. Qxd4
Qxd4 8. Nxd4 a6 9. Bf4 Bd6 10. Bxd6 cxd6 11. O-O-O O-O 12. Bd3 Nc6 13. Nxc6
bxc6 14. Be4 d5 15. Bf3 Bf5 16. Rhe1 Rfe8 {Normal} 1/2-1/2

[Event "Rated Blitz tournament obQMUQd2"]
[Site "?"]
[Date "2021.05.31"]
[Round "?"]
[White "tacticsforever2800"]
[Black "dr_xStranger"]
[Result "0-1"]
[WhiteElo "2364"]
[BlackElo "2482"]
[PlyCount "116"]
[EventDate "2021.??.??"]
[EventType "blitz"]

1. e4 e5 2. Nf3 d5 3. exd5 e4 4. Nd4 Nf6 5. Nc3 Bc5 6. Nb3 Bd6 7. d4 O-O 8. Be2
Re8 9. Be3 h6 10. Qd2 Nbd7 11. h3 Nf8 12. g4 Ng6 13. g5 hxg5 14. Bxg5 a5 15. a4
c6 16. dxc6 bxc6 17. h4 Nf8 18. h5 N8h7 19. h6 Nxg5 20. Qxg5 g6 21. Bc4 Be6 22.
Be2 Bxb3 23. cxb3 Kh7 24. Bc4 Qe7 25. O-O-O Rac8 26. Kb1 Nd5 27. Qxe7 Nxc3+ 28.
bxc3 Rxe7 29. d5 c5 30. Rde1 f5 31. Re2 f4 32. Rhe1 e3 33. fxe3 f3 34. Rc2 Rf8
35. e4 f2 36. Rf1 Bg3 37. Bd3 Kxh6 38. Re2 Rf3 39. Kc2 Kg5 40. e5 Rxe5 41.
Rxe5+ Bxe5 42. Be4 Re3 43. Bd3 Bg3 44. Kd2 Re1 45. Bc4 Rxf1 46. Bxf1 Kf4 47.
Kd3 Kf3 48. Kc4 Bd6 49. Kb5 g5 50. Kc6 Bf8 51. d6 g4 52. d7 Be7 53. b4 cxb4 54.
cxb4 axb4 55. a5 b3 56. a6 b2 57. a7 b1=Q 58. a8=Q Qe4+ {Normal} 0-1

[Event "Rated Blitz game"]
[Site "?"]
[Date "2021.05.31"]
[Round "?"]
[White "dmitry_zhuravlev"]
[Black "khalid_ontawar"]
[Result "0-1"]
[WhiteElo "2347"]
[BlackElo "2403"]
[PlyCount "104"]
[EventDate "2021.??.??"]
[EventType "blitz"]

1. e4 e5 2. Nf3 d5 3. exd5 e4 4. Qe2 Nf6 5. Nc3 Bf5 6. Qb5+ c6 7. dxc6 bxc6 8.
Qxf5 exf3 9. Qxf3 Bd6 10. d4 O-O 11. Bd3 Re8+ 12. Be3 Nd5 13. Nxd5 cxd5 14. O-O
Nc6 15. a3 Nxd4 16. Bxd4 Qh4 17. Qh3 Qxd4 18. Qxh7+ Kf8 19. Rfe1 g6 20. Qh6+
Kg8 21. Bxg6 Bxh2+ 22. Kxh2 fxg6 23. Qxg6+ Kf8 24. Qf5+ Kg7 25. Qg5+ Kf7 26. c3
Qxf2 27. Qxd5+ Kf6 28. Qd4+ Qxd4 29. cxd4 Rh8+ 30. Kg1 Rh4 31. Rad1 Rah8 32. d5
Rd8 33. Re6+ Kf5 34. Rf1+ Kg5 35. Re5+ Kg6 36. Rf3 Rd4 37. Rb3 Rd7 38. Re6+ Kf5
39. Rf3+ Kg5 40. d6 R4xd6 41. Rxd6 Rxd6 42. b4 Kg4 43. Rc3 a6 44. Kf2 Rd2+ 45.
Kf1 Ra2 46. Kg1 Kf4 47. Rf3+ Ke4 48. Kh2 Ra1 49. Kh3 Rh1+ 50. Kg4 Rg1 51. g3
Ra1 52. Rf4+ Ke5 {Time forfeit} 0-1

[Event "Rated Blitz game"]
[Site "?"]
[Date "2021.05.31"]
[Round "?"]
[White "Avinash2004"]
[Black "GoughPhar"]
[Result "0-1"]
[WhiteElo "2449"]
[BlackElo "2469"]
[PlyCount "102"]
[EventDate "2021.??.??"]
[EventType "blitz"]

1. e4 e5 2. Nf3 d5 3. Nxe5 Bd6 4. d4 dxe4 5. Nc3 Bxe5 6. dxe5 Qxd1+ 7. Kxd1 Nc6
8. Bb5 Bg4+ 9. Ke1 O-O-O 10. Bxc6 bxc6 11. Be3 f5 12. exf6 Nxf6 13. h3 Bf5 14.
Bxa7 Nd5 15. Nxd5 Rxd5 16. Rd1 Rhd8 17. Rxd5 Rxd5 18. Ke2 c5 19. c4 Re5 20. Ke3
g5 21. b4 cxb4 22. Bd4 Ra5 23. c5 Rxa2 24. Rb1 Ra3+ 25. Ke2 b3 26. Ke3 Kd7 27.
Bb2 Ra5 28. Bd4 Rb5 29. Rb2 Ke6 30. Rd2 h6 31. Bg7 Kf7 32. Bd4 Be6 33. Kxe4 Kg6
34. Ke5 Bf5 35. g4 Bc2 36. Ke6 Rb4 37. Bb2 Ra4 38. Kd7 Ra2 39. Bc3 b2 40. Bxb2
Rxb2 41. Kxc7 Ra2 42. c6 Kf6 43. Kb8 Rb2+ 44. Ka7 Ra2+ 45. Kb8 Bb3 46. Rxa2
Bxa2 47. c7 Be6 48. c8=Q Bxc8 49. Kxc8 Ke5 50. Kd7 Kf4 51. Ke6 Kf3 {Time
forfeit} 0-1

[Event "Rated Blitz game"]
[Site "?"]
[Date "2021.05.31"]
[Round "?"]
[White "Blagotinsek"]
[Black "ieks"]
[Result "1-0"]
[WhiteElo "2351"]
[BlackElo "2417"]
[PlyCount "83"]
[EventDate "2021.??.??"]
[EventType "blitz"]

1. e4 e5 2. Nf3 d5 3. Nxe5 Bd6 4. d4 dxe4 5. Nc4 Nf6 6. Be2 O-O 7. O-O Nc6 8.
Bg5 Be7 9. c3 Nd5 10. Bxe7 Qxe7 11. Ne3 Nf4 12. Bc4 Kh8 13. Nd2 f5 14. f3 Qg5
15. Kh1 Ng6 16. Nd5 e3 17. f4 Nxf4 18. Nxf4 exd2 19. Qxd2 Bd7 20. Rf3 Rae8 21.
Rg3 Qh6 22. Ng6+ hxg6 23. Rh3 f4 24. Rxh6+ gxh6 25. Rf1 g5 26. Bd3 Kg7 27. h3
Re3 28. Be2 Ne7 29. Bf3 Nf5 30. Rd1 Ng3+ 31. Kh2 Rfe8 32. c4 Ne4 33. Bxe4 R8xe4
34. d5 Re2 35. Qc3+ Kg6 36. Rd2 R2e3 37. Rd3 Rxd3 38. Qxd3 Bf5 39. g4 Re3 40.
Kg2 Rxd3 41. gxf5+ Kxf5 42. d6 {Time forfeit} 1-0

[Event "Rated Blitz game"]
[Site "?"]
[Date "2021.05.31"]
[Round "?"]
[White "elpapitulua"]
[Black "GoughPhar"]
[Result "1-0"]
[WhiteElo "2364"]
[BlackElo "2474"]
[PlyCount "133"]
[EventDate "2021.??.??"]
[EventType "blitz"]

1. e4 e5 2. Nf3 d5 3. Nxe5 Bd6 4. d4 dxe4 5. Bd2 Bxe5 6. dxe5 Nc6 7. Bb5 Nge7
8. O-O O-O 9. Bc3 Nd5 10. Nd2 Bf5 11. Bxc6 bxc6 12. Nc4 Qg5 13. f4 exf3 14.
Qxf3 Be6 15. Bd4 Rad8 16. c3 f6 17. exf6 c5 18. Qe4 Nf4 19. Rxf4 Bxc4 20. Rg4
Rxd4 21. cxd4 Qxf6 22. h3 h5 23. Rg6 Qf2+ 24. Kh2 cxd4 25. Rg5 h4 26. Rc1 Bd3
27. Qd5+ Kh8 28. Rh5+ Bh7 29. Qg5 d3 30. Rxh4 d2 31. Rd1 Qf6 32. Qxf6 gxf6 33.
Rxd2 Kg7 34. Rg4+ Kf7 35. Rd7+ Ke6 36. Rxh7 Rb8 37. Rhh4 Rxb2 38. Re4+ Kf7 39.
Ra4 Kg6 40. Rxa7 c5 41. Rg4+ Kf5 42. Rag7 Rb5 43. Rg8 Ke6 44. Rg3 Kf5 45. Rf3+
Ke4 46. Rf8 Kd5 47. R8xf6 c4 48. R6f5+ Kc6 49. Rxb5 Kxb5 50. Rf4 Kb4 51. Rxc4+
Kxc4 52. g4 Kb4 53. g5 Kc3 54. g6 Kd4 55. g7 Ke5 56. g8=Q Ke4 57. Qg4+ Kd5 58.
Kg3 Ke5 59. h4 Kd5 60. h5 Ke5 61. h6 Kd5 62. h7 Ke5 63. h8=Q+ Kd5 64. Qhh5+ Kd6
65. Qgg6+ Kc7 66. Qhh7+ Kb8 67. Qgg8# {Normal} 1-0

[Event "Rated Blitz game"]
[Site "?"]
[Date "2021.05.31"]
[Round "?"]
[White "templario77"]
[Black "annaly1979"]
[Result "1-0"]
[WhiteElo "2506"]
[BlackElo "2414"]
[PlyCount "84"]
[EventDate "2021.??.??"]
[EventType "blitz"]

1. e4 e5 2. Nf3 d5 3. exd5 e4 4. Qe2 f5 5. d3 Nf6 6. Nc3 Bb4 7. Bd2 Bxc3 8.
Bxc3 O-O 9. dxe4 Nxe4 10. O-O-O Nxc3 11. bxc3 Na6 12. c4 Kh8 13. Qd2 Nc5 14.
Bd3 Qf6 15. Qb4 b6 16. Qb2 Qh6+ 17. Kb1 a5 18. Rhe1 Na4 19. Qe5 Bd7 20. Qxc7
Nc3+ 21. Kb2 Nxd1+ 22. Rxd1 Qf6+ 23. Qe5 Rae8 24. Qxf6 gxf6 25. g3 Kg7 26. Nd4
Re5 27. f4 Re3 28. Bxf5 Re7 29. Bxd7 Rxd7 30. Ne6+ Kf7 31. Nxf8 Kxf8 32. Re1
Kf7 33. Re6 Rc7 34. Kb3 a4+ 35. Kb4 Rb7 36. Kb5 a3 37. Rxb6 Re7 38. Re6 Rb7+
39. Rb6 Re7 40. Ra6 Re2 41. Rxa3 Rxc2 42. c5 Rxh2 {Normal} 1-0

[Event "Rated Blitz game"]
[Site "?"]
[Date "2021.05.31"]
[Round "?"]
[White "aNtOsHa2006"]
[Black "annaly1979"]
[Result "0-1"]
[WhiteElo "2437"]
[BlackElo "2403"]
[PlyCount "70"]
[EventDate "2021.??.??"]
[EventType "blitz"]

1. e4 e5 2. Nf3 d5 3. d3 dxe4 4. dxe4 Qxd1+ 5. Kxd1 Bg4 6. Be2 f6 7. c3 Bc5 8.
Rf1 Nc6 9. Kc2 Nge7 10. Nbd2 Bh5 11. b4 Bb6 12. Nc4 Bg6 13. Bd3 O-O-O 14. Be3
Rxd3 15. Kxd3 Rd8+ 16. Kc2 Bxe4+ 17. Kb3 Bd5 18. Rfd1 Bxe3 19. fxe3 b5 20. a4
Bxc4+ 21. Kb2 Rxd1 22. Rxd1 a6 23. axb5 axb5 24. Nd2 Nf5 25. Nxc4 bxc4 26. e4
Ne3 27. Rd2 Ne7 28. h3 h5 29. Ka3 h4 30. b5 Ng6 31. Re2 Nd1 32. Kb4 Nf4 33. Rd2
Ne3 34. Kc5 Kb7 35. Rd7 Nd3+ {Normal} 0-1

[Event "Rated Blitz tournament obQMUQd2"]
[Site "?"]
[Date "2021.05.31"]
[Round "?"]
[White "tacticsforever2800"]
[Black "dr_xStranger"]
[Result "0-1"]
[WhiteElo "2368"]
[BlackElo "2491"]
[PlyCount "52"]
[EventDate "2021.??.??"]
[EventType "blitz"]

1. e4 e5 2. Nf3 d5 3. exd5 e4 4. Nd4 Nf6 5. Nc3 Nxd5 6. Bc4 Nxc3 7. dxc3 Bd6 8.
O-O O-O 9. Qe2 Qh4 10. g3 Qg4 11. f3 exf3 12. Nxf3 Nc6 13. Qg2 Qh5 14. h4 Qc5+
15. Kh1 Qxc4 16. Be3 Bg4 17. Nd4 Nxd4 18. Bxd4 Qe6 19. Rae1 Bh3 20. Qf3 Qg6 21.
Rg1 Bg4 22. Qxb7 Bd7 23. Qg2 Rae8 24. Rgf1 c5 25. Bg1 Bb8 26. Bf2 Bc6 {Normal}
0-1

[Event "Rated Blitz game"]
[Site "?"]
[Date "2021.05.31"]
[Round "?"]
[White "danfii"]
[Black "Michael_Watts"]
[Result "1/2-1/2"]
[WhiteElo "2441"]
[BlackElo "2355"]
[PlyCount "78"]
[EventDate "2021.??.??"]
[EventType "blitz"]

1. e4 e5 2. Nf3 d5 3. Nxe5 Bd6 4. d4 dxe4 5. Bc4 Bxe5 6. dxe5 Qxd1+ 7. Kxd1 Nc6
8. Re1 Bg4+ 9. Be2 O-O-O+ 10. Bd2 Bxe2+ 11. Rxe2 Nxe5 12. Rxe4 Nc6 13. Kc1 Nf6
14. Re1 Rhe8 15. Rxe8 Rxe8 16. Nc3 Ne4 17. Nxe4 Rxe4 18. Be3 f5 19. g3 g6 20.
Kd2 Nd4 21. Bxd4 Rxd4+ 22. Ke3 Re4+ 23. Kf3 c6 24. Rd1 Kc7 25. h4 h5 26. Rd3 b6
27. Re3 Rxe3+ 28. Kxe3 Kd6 29. Kf4 Ke6 30. Kg5 Kf7 31. f4 a5 32. Kh6 Kf6 33. a4
b5 34. b3 b4 35. Kh7 Kf7 36. Kh6 Kf6 37. Kh7 Kf7 38. Kh8 Kf8 39. Kh7 Kf7 {
Normal} 1/2-1/2

[Event "Rated Blitz game"]
[Site "?"]
[Date "2021.05.31"]
[Round "?"]
[White "SlytherinSnape"]
[Black "KinzyabulatovRenat"]
[Result "1-0"]
[WhiteElo "2403"]
[BlackElo "2394"]
[PlyCount "47"]
[EventDate "2021.??.??"]
[EventType "blitz"]

1. e4 e5 2. Nf3 d5 3. exd5 e4 4. Qe2 Nf6 5. Nc3 Be7 6. Nxe4 Nxd5 7. Nc3 Nb4 8.
d3 O-O 9. Be3 c5 10. O-O-O N8c6 11. a3 a5 12. axb4 axb4 13. Nb1 Ra1 14. Nfd2
Qa5 15. Nb3 Qa2 16. Nxa1 Qxa1 17. d4 cxd4 18. Bxd4 Nxd4 19. Qxe7 Nxc2 20. Rd8
h6 21. Rxf8+ Kh7 22. Bd3+ f5 23. Rxc8 Na3 24. Bxf5# {Normal} 1-0

[Event "Rated Blitz game"]
[Site "?"]
[Date "2021.05.31"]
[Round "?"]
[White "LabutinAa"]
[Black "oALJH0NzKi"]
[Result "1-0"]
[WhiteElo "2486"]
[BlackElo "2306"]
[PlyCount "63"]
[EventDate "2021.??.??"]
[EventType "blitz"]

1. e4 e5 2. Nf3 d5 3. exd5 e4 4. Ng1 Qxd5 5. Nc3 Qe5 6. g3 Nc6 7. Bg2 f5 8.
Nge2 Nf6 9. O-O Be6 10. Nf4 Bf7 11. d3 O-O-O 12. Re1 g5 13. Nh5 Bxh5 14. f3
exf3 15. Rxe5 f2+ 16. Kxf2 Bxd1 17. Rxf5 Bxc2 18. Rxf6 Bxd3 19. Bxg5 Bc5+ 20.
Be3 Bxe3+ 21. Kxe3 Rhe8+ 22. Kf2 Nd4 23. Kg1 Ne2+ 24. Nxe2 Rxe2 25. Rc1 Bg6 26.
b4 Rdd2 27. Bf3 Rxh2 28. b5 Rxa2 29. Re1 Rab2 30. Bg4+ Kd8 31. Rf8+ Be8 32.
Rfxe8# {Normal} 1-0

[Event "Rated Blitz game"]
[Site "?"]
[Date "2021.05.31"]
[Round "?"]
[White "Zutano"]
[Black "blackwolfrun"]
[Result "1/2-1/2"]
[WhiteElo "2515"]
[BlackElo "2338"]
[PlyCount "144"]
[EventDate "2021.??.??"]
[EventType "blitz"]

1. e4 e5 2. Nf3 d5 3. exd5 e4 4. Qe2 Nf6 5. d3 Qxd5 6. Nc3 Bb4 7. Bd2 Bxc3 8.
Bxc3 O-O 9. dxe4 Nxe4 10. Qd3 Nxc3 11. Qxc3 Re8+ 12. Be2 Nc6 13. Rd1 Qxa2 14.
O-O Bg4 15. Bc4 Qa4 16. Ng5 Bxd1 17. Bxf7+ Kh8 18. Bxe8 Rxe8 19. Rxd1 Qf4 20.
Nf3 h6 21. g3 Qf7 22. Kg2 Rf8 23. b4 a6 24. Rd3 Qf5 25. Re3 Qd5 26. Rd3 Qe4 27.
Rd7 Ne5 28. Rxc7 Qxf3+ 29. Qxf3 Nxf3 30. Rxb7 Ne1+ 31. Kf1 Nxc2 32. Rb6 Ne3+
33. Ke2 Nd5 34. Rxa6 Nxb4 35. Rd6 Nc2 36. Kd2 Na3 37. Rc6 Rxf2+ 38. Ke3 Rxh2
39. Kf4 Nc2 40. Kf5 Kh7 41. g4 Ne3+ 42. Kf4 Nd5+ 43. Ke5 Nf6 44. Kf5 Rg2 45.
Rc7 Rxg4 46. Ra7 Rg5+ 47. Kf4 Rg4+ 48. Kf5 h5 49. Ra3 h4 50. Rh3 Kh6 51. Rh1
Kh5 52. Ra1 h3 53. Ra8 Rg5+ 54. Kf4 Rg6 55. Ra5+ Kh4 56. Ra2 Rg2 57. Ra8 Rg4+
58. Kf3 h2 59. Rh8+ Nh5 60. Ke3 h1=Q 61. Rf8 Qh3+ 62. Rf3 Rg3 63. Rxg3 Qxg3+
64. Ke4 Qf2 65. Kd5 Kg5 66. Kd6 Kf5 67. Kc6 Ke5 68. Kd7 Qd4+ 69. Kc7 Qc5+ 70.
Kb7 Kd6 71. Kb8 Qb6+ 72. Ka8 Kc6 {Normal} 1/2-1/2

[Event "Rated Blitz game"]
[Site "?"]
[Date "2021.05.31"]
[Round "?"]
[White "Arkadag2020"]
[Black "babageldi2277"]
[Result "0-1"]
[WhiteElo "2482"]
[BlackElo "2745"]
[PlyCount "60"]
[EventDate "2021.??.??"]
[EventType "blitz"]

1. e4 e5 2. Nf3 d5 3. exd5 e4 4. Nd4 Qxd5 5. c3 Nf6 6. b3 Bd6 7. Bc4 Qe5 8. Ba3
O-O 9. Bxd6 cxd6 10. Na3 d5 11. Be2 Nc6 12. Nab5 a6 13. Nxc6 bxc6 14. Nd4 c5
15. Nc2 d4 16. cxd4 cxd4 17. d3 Re8 18. O-O Bb7 19. dxe4 Rad8 20. Bd3 Bxe4 21.
Re1 Qf5 22. Bxe4 Nxe4 23. f3 Nc3 24. Qxd4 Qxc2 25. Rxe8+ Rxe8 26. Qd7 Rf8 27.
Re1 h6 28. h3 Ne2+ 29. Kh2 Nf4 30. Qd6 Qxg2# {Normal} 0-1

[Event "Rated Blitz tournament obQMUQd2"]
[Site "?"]
[Date "2021.05.31"]
[Round "?"]
[White "Durog_ako09"]
[Black "dr_xStranger"]
[Result "1-0"]
[WhiteElo "2228"]
[BlackElo "2481"]
[PlyCount "117"]
[EventDate "2021.??.??"]
[EventType "blitz"]

1. e4 e5 2. Nf3 d5 3. exd5 e4 4. Qe2 Nf6 5. d3 Bb4+ 6. Bd2 O-O 7. dxe4 Re8 8.
e5 Nxd5 9. c3 Bf8 10. h3 Nc6 11. Qe4 f6 12. Bc4 Be6 13. O-O fxe5 14. Bg5 Nf6
15. Bxf6 Qxf6 16. Nbd2 Rad8 17. Bxe6+ Rxe6 18. Rae1 Bc5 19. Re2 Rde8 20. Rfe1
R6e7 21. Nb3 Bb6 22. a4 Qf4 23. a5 Qxe4 24. Rxe4 Nxa5 25. Nxa5 Bxa5 26. Rxe5
Rxe5 27. Rxe5 Rxe5 28. Nxe5 Kf8 29. Kf1 Ke7 30. f3 Ke6 31. Nd3 Bb6 32. c4 a5
33. b3 c6 34. g3 Kd6 35. Kg2 Bd4 36. f4 b5 37. cxb5 cxb5 38. Kf3 a4 39. bxa4
bxa4 40. Ke4 a3 41. Nc1 Bb2 42. Na2 Kc5 43. Kd3 Kd5 44. g4 Kc5 45. h4 Kd5 46.
h5 h6 47. g5 hxg5 48. fxg5 Ke5 49. h6 g6 50. h7 Kf5 51. Nc3 a2 52. h8=Q a1=Q
53. Qf6+ Kg4 54. Qe6+ Kxg5 55. Ne4+ Kf4 56. Qf7+ Kg4 57. Qxg6+ Kf4 58. Qg5+ Kf3
59. Qg3# {Normal} 1-0

[Event "Rated Blitz game"]
[Site "?"]
[Date "2021.05.31"]
[Round "?"]
[White "Vekhjartad"]
[Black "sssssss007"]
[Result "1-0"]
[WhiteElo "2455"]
[BlackElo "2380"]
[PlyCount "99"]
[EventDate "2021.??.??"]
[EventType "blitz"]

1. e4 e5 2. Nf3 d5 3. d3 dxe4 4. Nxe5 Bd6 5. Nc4 Nf6 6. Nxd6+ Qxd6 7. Nc3 exd3
8. Qxd3 Qxd3 9. Bxd3 O-O 10. O-O Nc6 11. a3 Bg4 12. f3 Bh5 13. Bf4 Rac8 14.
Rad1 Bg6 15. Bxg6 hxg6 16. Nb5 Nh5 17. Be3 a6 18. Nd4 Nxd4 19. Rxd4 Rfe8 20.
Kf2 Rcd8 21. Rfd1 Rxd4 22. Rxd4 Nf6 23. c4 c6 24. b4 Re7 25. g4 Rd7 26. Rxd7
Nxd7 27. Bf4 f5 28. Ke3 Kf7 29. Kd4 Kf6 30. g5+ Ke6 31. Bc7 Kf7 32. Be5 Kf8 33.
a4 Kf7 34. f4 Kf8 35. b5 axb5 36. cxb5 c5+ 37. Kd5 Nb6+ 38. Kxc5 Nxa4+ 39. Kd6
Nb6 40. Bd4 Nc4+ 41. Kc7 Na3 42. Bc5+ Kf7 43. Bxa3 Ke6 44. Bb2 Kd5 45. Bxg7 Ke4
46. Be5 Kd5 47. b6 Kc5 48. Kxb7 Kd5 49. Ka7 Ke4 50. b7 {Normal} 1-0

[Event "Rated Blitz game"]
[Site "?"]
[Date "2021.05.31"]
[Round "?"]
[White "Arkadag2020"]
[Black "AltayErdemGok"]
[Result "0-1"]
[WhiteElo "2462"]
[BlackElo "2377"]
[PlyCount "62"]
[EventDate "2021.??.??"]
[EventType "blitz"]

1. e4 e5 2. Nf3 d5 3. exd5 e4 4. Nc3 Nf6 5. Nd4 Bd6 6. d3 O-O 7. dxe4 Re8 8. f3
Bb4 9. Bb5 c6 10. dxc6 bxc6 11. Nxc6 Nxc6 12. Bxc6 Qxd1+ 13. Kxd1 Rd8+ 14. Bd2
Rb8 15. Ke2 Bf8 16. Bg5 Be6 17. e5 Rxb2 18. exf6 Rxc2+ 19. Kf1 Rxc3 20. fxg7
Rxc6 21. gxf8=Q+ Rxf8 22. Kf2 Rfc8 23. Rhd1 h6 24. Bxh6 Rc2+ 25. Kg3 Kh7 26.
Bf4 Rg8+ 27. Kh4 Rgxg2 28. Rd8 Rc4 29. Rb1 Rxf4+ 30. Kh5 Rfg4 31. Rbb8 Rxh2# {
Normal} 0-1